Global synthetic rubber industrial outlook (Record no. 59978)

MARC details
000 -LEADER
fixed length control field 00301nam a2200121Ia 4500
100 ## - MAIN ENTRY--AUTHOR NAME
Personal name Loh Leon
245 #0 - TITLE STATEMENT
Title Global synthetic rubber industrial outlook
260 ## - PUBLICATION, DISTRIBUTION, ETC. (IMPRINT)
Name of publisher Rubber India
Year of publication 2011
300 ## - PHYSICAL DESCRIPTION
Number of Pages 42-52
650 ## - SUBJECT ADDED ENTRY--TOPICAL TERM
Topical Term Synthetic rubber
942 ## - ADDED ENTRY ELEMENTS (KOHA)
Koha item type Journals
Holdings
Withdrawn status Lost status Damaged status Not for loan Home library Current library Shelving location Date acquired Serial Enumeration / chronology Koha item type
      Journals RRII Library RRII Library Rubber technology 30/06/2001 Volume LXIII, Issue 6 Journals